Phân tích các nhân tố ảnh hưởng đến hành vi tiết kiệm của hộ gia đình nông thôn Việt Nam : Luận văn thạc sĩ kinh tế. Chuyên ngành Tài chính - Ngân hàng
Phân tích các nhân tố ảnh hưởng đến tiết kiệm của hộ gia đình, và đề xuất các giải pháp giúp nâng cao khả năng tích lũy kinh tế của các hộ gia đình ở nông thôn Việt Nam
Na minha lista:
| Autor principal: | |
|---|---|
| Formato: | Livro |
| Idioma: | Undetermined |
| Publicado em: |
Cần Thơ
Trường Đại học Cần Thơ
2016
|
| Assuntos: | |
| Tags: |
Adicionar Tag
Sem tags, seja o primeiro a adicionar uma tag!
|
| Thư viện lưu trữ: | Trung tâm Học liệu Trường Đại học Cần Thơ |
|---|
| LEADER | 01168nam a2200217Ia 4500 | ||
|---|---|---|---|
| 001 | CTU_212487 | ||
| 008 | 210402s9999 xx 000 0 und d | ||
| 082 | |a 332.12 | ||
| 082 | |b V312 | ||
| 088 | |a 60340201 | ||
| 100 | |a Nguyễn, Trần Trọng Vinh | ||
| 245 | 0 | |a Phân tích các nhân tố ảnh hưởng đến hành vi tiết kiệm của hộ gia đình nông thôn Việt Nam : | |
| 245 | 0 | |b Luận văn thạc sĩ kinh tế. Chuyên ngành Tài chính - Ngân hàng | |
| 245 | 0 | |c Nguyễn Trần Trọng Vinh ; Đỗ Văn Xê (Cán bộ hướng dẫn) | |
| 260 | |a Cần Thơ | ||
| 260 | |b Trường Đại học Cần Thơ | ||
| 260 | |c 2016 | ||
| 520 | |a Phân tích các nhân tố ảnh hưởng đến tiết kiệm của hộ gia đình, và đề xuất các giải pháp giúp nâng cao khả năng tích lũy kinh tế của các hộ gia đình ở nông thôn Việt Nam | ||
| 650 | |a Nghiệp vụ ngân hàng thương mại,Commercial banking | ||
| 904 | |i Nguyên | ||
| 980 | |a Trung tâm Học liệu Trường Đại học Cần Thơ | ||